Especies de osos - Estadísticas

Estadísticas generales
  • Esta prueba ha sido intentada 26 veces
  • La puntuación promedio es 6 de 8
Estadísticas de respuestas
Subfamilia Género Especie Nombre % Correcto
Arctos Oso pardo
100%
Ursus Americanus Oso negro americano
92%
Ailuropodinae Ailuropoda Melanoleuca Oso panda
92%
Maritimus Oso polar
88%
Ursinae Helarctos Malayanus Oso malayo
67%
Thibetanus Oso tibetano o negro asiático
63%
Tremarctinae Tremarctos Ornatus Oso de anteojos o andino
50%
Melursus Ursinus Oso perezoso
33%
No se encontraron pruebas coincidentes
Distribución de puntuación
Porcentaje de gente con cada puntuación
Porcentaje por número respondido
Historial de tus puntuaciones
No has intentado esta prueba.